Practical recording techniques

Practical Recording Techniques, Third Edition is a hands-on, practical guide for beginning and intermediate recording engineers, producers, musicians, and audio enthusiasts, offering guidance on a variety of recording situations, including small profesional studios and on-location recording for both...

पूर्ण विवरण

में बचाया:
ग्रंथसूची विवरण
मुख्य लेखक: Bartlett, Bruce
स्वरूप: पुस्तक
भाषा:Undetermined
प्रकाशित: Boston Focal Press 2002
विषय:
टैग : टैग जोड़ें
कोई टैग नहीं, इस रिकॉर्ड को टैग करने वाले पहले व्यक्ति बनें!
Thư viện lưu trữ: Trung tâm Học liệu Trường Đại học Cần Thơ
LEADER 01132nam a2200217Ia 4500
001 CTU_118968
008 210402s9999 xx 000 0 und d
020 |c 44.95 
082 |a 621.3893 
082 |b B289 
100 |a Bartlett, Bruce 
245 0 |a Practical recording techniques 
245 0 |c Bruce Bartlett, Jenny Bartlett 
260 |a Boston 
260 |b Focal Press 
260 |c 2002 
520 |a Practical Recording Techniques, Third Edition is a hands-on, practical guide for beginning and intermediate recording engineers, producers, musicians, and audio enthusiasts, offering guidance on a variety of recording situations, including small profesional studios and on-location recording for both popular and classical music. It gives advice on equipping a home studio-from low-budget to advanced-and inclides suggestions for set-up, acoustics, choosing monitor speakers, and preventing hum. 
650 |a Magnetic recorders and recording,Sound 
650 |x Handbooks, manuals, etc.,Recording and reproducing,Handbooks, manuals, etc. 
904 |i Giang 
980 |a Trung tâm Học liệu Trường Đại học Cần Thơ